| 000 | 00997nam a2200265 a 4500 | ||
|---|---|---|---|
| 001 | C01495122c-9 | ||
| 003 | CO-ViMGA | ||
| 005 | 20230915233141.0 | ||
| 008 | 150915s2015 ck a gr 00010 spa d | ||
| 020 | _a9789587753042 | ||
| 040 |
_aCO-ViMGA _bspa _cCO-ViMGA |
||
| 082 | 0 | 4 |
_a658.562 _bZ16c _221 |
| 100 | 1 |
_aZapata Gómez, Amparo. _94820 |
|
| 245 | 1 | 0 |
_aCiclo de la calidad PHVA / _cAmparo Zapata Gómez. |
| 260 |
_aBogotá : _bUniversidad Nacional de Colombia. Facultad de Ingeniería y Arquitectura. Dirección de Investigación, _c2015. |
||
| 300 |
_a134 páginas : _bilustraciones, gráficos ; _c24 cm. |
||
| 490 | 1 | _aIngenio propio | |
| 504 | _aIncluye referencias bibliográficas (páginas 131-134) | ||
| 650 | 1 | 4 |
_aControl de calidad. _9345 |
| 650 | 1 | 4 |
_aCalidad total en administración. _9458 |
| 650 | 1 | 4 |
_aGestión industrial. _94822 |
| 650 | 1 | 4 |
_aPlanificación empresarial. _94821 |
| 942 |
_2ddc _cBK |
||
| 949 |
_ac _bn |
||
| 999 |
_c35841 _d35841 |
||